Представление документа в формате RUSMARC

ПолеНазваниеЗначение
  Тип записи a
  Библиографический уровень a
001 Контрольный номер UONB/MAIN/f9b643fe126e41dd95e592a4cb00a31c
005 Дата корректировки 20260423150117.3
100 Данные общей обработки __
a Данные общей обработки 20260423 ||| 0rusy0189 ca
101 Язык документа 0_
a Язык текста rus
102 Страна публикации __
a Страна публикации RU
200 Заглавие и сведения об ответственности 1_
a Заглавие Встреча на сурском ринге
f Первые сведения об ответственности А. Славин
203 Вид содержания и тип средства __
a Вид содержания Текст
b Характеристика содержания визуальный
c Тип средства непосредственный
215 Физическое описание __
c Иллюстрации/тип воспроизводства ил., портр.
330 Аннотация __
a Аннотация В рабочем поселке Сурское состоялась матчевая встреча по боксу.
461 Уровень набора _0
1 2000
a Сурская правда
463 Уровень физической единицы _0
1 2000
a № 15 (105218) (10 апреля)
v С. 7
1 2101
d 2026
1 001UONB/MAIN/7523f23a98e3432b85b8571020407ecf
600 Персоналии _1
a Персоналии (Фамилия) Казаков
b Персоналии (Имя, инициалы) С. Н.
g Полное имя Сергей Николаевич
600 Персоналии _1
a Персоналии (Фамилия) Колесник
b Персоналии (Имя, инициалы) И. С.
g Полное имя Игорь Степанович
600 Персоналии _1
a Персоналии (Фамилия) Большаков
b Персоналии (Имя, инициалы) О. В.
g Полное имя Олег Валерьевич
607 Географические рубрики __
a Географическое наименование Сурское, рабочий поселок (Сурский район ; Ульяновская область)
610 Ключевые слова 0_
a Ключевые слова спортсмены; боксеры; соревнования
686 Индексы других классификаций __
a Классификационный индекс 75.406.963
2 Код системы rubbk
700 Автор _1
a Фамилия Славин
b Имя (инициалы) А.
801 Источник записи _0
a Страна RU
b Организация Ульяновская ОНБ
c Дата составления 20260423
g Правила каталогизации RCR
801 Источник записи _1
a Страна RU
b Организация Ульяновская ОНБ
c Дата составления 20260423
g Правила каталогизации RCR
901 Тип документа __
t Тип документа f
w Контрольный № источника UONB/MAIN/7523f23a98e3432b85b8571020407ecf
909 Создатель записи __
a Создатель записи Логинова
b Дата создания записи 20260423